000 01011nam a2200265 i 4500
001 187819
003 SpMaBN
005 20260304135338.0
008 180309s1935 sp |||| |bspa d
080 _a629.585 Peral
080 _a929 Peral y Caballero, Isaac
100 1 _aPérez, Dionisio,
_d1871-1935
_990566
245 1 0 _aIsaac Peral
_b: la tragedia del submarino Peral /
_cpor Dionisio Pérez.
260 _aMadrid :
_bEdiciones Nuestra Raza,
_c[ca. 1935]
300 _a186 p. ;
_c18 cm.
490 1 _aLos hombres de nuestra raza
530 _aDisponible en formato digital.
600 1 4 _aPeral y Caballero, Isaac,
_d1851-1895
_9137805
610 2 7 _aPeral (Submarino)
_9143043
830 0 _aLos hombres de nuestra raza
_9192838
852 _aES-MaACL
_jL-31882
_zDonante:. herederos de la biblioteca de Mª del Pilar Costa Palacín
_cDEPO2
856 4 _uhttp://bdh-rd.bne.es/viewer.vm?id=0000203503&page=1
_yBiblioteca Digital Hispánica
942 _2udc
999 _c187819
_d187819